Fundamentals of electrical engineering
| Main Author: | |
|---|---|
| Format: | Book |
| Language: | English |
| Published: |
Boston :
McGrawHill ,
2009
|
| Subjects: |
MARC
| LEADER | 00000cam a2200000 7i4500 | ||
|---|---|---|---|
| 001 | 0000024330 | ||
| 005 | 20120516.0 | ||
| 008 | 120502s maua eng | ||
| 020 | |a 9780071269506 , |c RM228.00 | ||
| 040 | |a INS | ||
| 090 | 0 | 0 | |a TK146 |b R59 2009 |
| 100 | 1 | |a Rizzoni, Giorgio | |
| 245 | 1 | 0 | |a Fundamentals of electrical engineering |c Giorgio Rizzoni |
| 260 | |a Boston : |b McGrawHill , |c 2009 | ||
| 300 | |a viii, 726p. : |b ill.some col. ; |c 25cm. | ||
| 500 | |a Includes index | ||
| 650 | 0 | |a Electrical engineering | |
| 999 | |a 1000000788 |b BOOK |c Open Shelf |e Default branch | ||